000
00206 a2200097 4500
001
23616
100
_a
Roger
245
_a
Worked examples in modern physics
260
_a
_b
Iliffe
_c
090
_c
16001
_d
16001
942
_a
NUST-CAE
_c
M
_c
6672
999
_c
258689
_d
258689